000 00649nam a2200217Ia 4500
003 GCL
008 140319s9999 xx 000 0 ara d
040 _aGCL /
_cGCL
082 0 4 _a341
_bر ق
100 1 _aروسو ، شارل
245 1 0 _aالقانون الدولى العام /
_cروسو ، شارل
700 1 _aشكرالله خليفة
300 _a389 ص
490 _a
650 0 4 _aالقانون
650 0 4 _aالقانون الدولى
650 0 4 _aالقانون الدولى - مصادر
650 0 4 _aالقانون الدولى - قضايا
650 0 4 _aالقانون الدولى - تاريخ
942 _2ddc
_cBK
999 _c47854
_d47854